00774cam a22002171a 45000010005000000030008000050050017000130080039000300350019000690350019000880400050001070410008001570820027001651000021001922450093002132600059003063000028003655000072003935040051004656500040005164538BD-RjUL20211208233917.0131222s1964 enk b 001 0 eng a(BD-RjUL) 4573 a(OCoLC)3938491 aDLCcFTaSU-LdOCoLCdMoSU-LdUkdBD-RjULbeng aeng04223a346.059 bWAC 19641 aWaters, D. W. M.14aThe constructive trust :bthe case for a new approach in English law /cD. W. M. Waters. aLondon :bUniversity of London, Athlone Press,cc1964. axxiii, 353 p. ;c22 cm. aBased on the author's thesis (Ph. D.-- University of London, 1963). aIncludes bibliographical references and index. 0aTrusts and trusteeszGreat Britain.